En construcción (Record no. 2095)
[ view plain ]
| 000 -CABECERA | |
|---|---|
| campo de control de longitud fija | 01664nam a2200265Ia 4500 |
| 001 - NÚMERO DE CONTROL | |
| campo de control | 2155 |
| 008 - DATOS DE LONGITUD FIJA--INFORMACIÓN GENERAL | |
| campo de control de longitud fija | 230305s2001 xx 000 0 und d |
| 020 ## - NÚMERO INTERNACIONAL ESTÁNDAR DEL LIBRO | |
| Número Internacional Estándar del Libro | 8435153745409 |
| 043 ## - CÓDIGO DE ÁREA GEOGRÁFICA | |
| Código de área geográfica | en_UK |
| 041 ## - CÓDIGO DE LENGUA | |
| Código de lengua del texto/banda sonora o título independiente | spa |
| 245 #0 - MENCIÓN DE TÍTULO | |
| Título | En construcción |
| 260 ## - PUBLICACIÓN, DISTRIBUCIÓN, ETC. | |
| Lugar de publicación, distribución, etc. | |
| Nombre del editor, distribuidor, etc. | Oviedo TV, |
| Fecha de publicación, distribución, etc. | 2001 |
| 300 ## - DESCRIPCIÓN FÍSICA | |
| Extensión | 1 disco DVD |
| 520 ## - SUMARIO, ETC. | |
| Sumario, etc. | En un emblemático barrio popular de Barcelona, amenazado por un plan de reforma, se emprende la construcción de un bloque de viviendas. Queríamos conocer la intimidad de una construcción, así que nos metimos ahí, cuando ese espacio era todavía un solar donde los chavales jugaban a fútbol. Sobre este terreno buscamos la forma de convivir, conocer y rodar -así, por este orden- que nos permitiera abordar tanto el anecdotario de la propia obra como el que ésta generaba a su alrededor; en esa cotidianidad quebrada por el estruendo de los derribos, entre sus vecinos, en el barrio (de hecho la imagen del barrio se concretó en la del puñado de rostros que a nuestros ojos lo representaban). En este proceso, pronto advertimos que la mutación del paisaje urbano implicaba también una mutación en el paisaje humano, y que en este movimiento se podrían reconocer ciertos ecos del mundo. Sobre estos cimientos construimos una película. |
| 590 ## - NOTA LOCAL (RLIN) | |
| Procedencia (VM) [OBSOLETO] | Idiomas disponibles: castellano. Subtítulos disponibles: catalán, inglés y francés |
| 650 #0 - PUNTO DE ACCESO ADICIONAL DE MATERIA--TÉRMINO DE MATERIA | |
| Término de materia o nombre geográfico como elemento de entrada | Feature films |
| 9 (RLIN) | 26078 |
| 700 ## - ENTRADA AGREGADA--NOMBRE PERSONAL | |
| Nombre de persona | Guerin, José Luís, |
| Término indicativo de función/relación | Author |
| 9 (RLIN) | 21814 |
| 902 ## - ELEMENTOS DE DATOS B LOCAL, LDB (RLIN) | |
| a | 178 |
| 905 ## - ELEMENTOS DE DATOS E LOCAL, LDE (RLIN) | |
| a | m |
| 911 ## - EQUIVALENCIA O REFERENCIA-CRUZADA-NOMBRE DE CONFERENCIA O REUNIÓN/CONGRESO [LOCAL, CANADÁ] | |
| Nombre de congreso/reunión o jurisdicción como elemento de entrada | https://biblioteca.tbs-education.es/portadas/8435153745409.jpg |
| 912 ## - | |
| -- | 2001-01-01 |
| 942 ## - ELEMENTOS DE ENTRADA AGREGADA (KOHA) | |
| Código de la institución [OBSOLETO] | 1 |
| 953 ## - | |
| -- | 2018-04-27 15:35:41 |
| Estado de retiro | Estado de pérdida | Estado dañado | No para préstamo | Biblioteca de origen | Biblioteca actual | Ubicación en estantería | Fecha de adquisición | Total de préstamos | Signatura topográfica completa | Código de barras | Fecha visto por última vez | Precio válido a partir de | Tipo de ítem Koha |
|---|---|---|---|---|---|---|---|---|---|---|---|---|---|
| TBS Barcelona | TBS Barcelona | Libre acceso | 27/04/2018 | DVD GUE | DVD GUE (Con)-1 | 27/04/2018 | 05/03/2023 | DVD |

